• 首页
  • 本馆介绍
  • 公告通知
  • 最新文献
  • 馆藏检索
  • 电子资源
  • 读者导购
  • 参考咨询
  • 我的图书馆
  • 登录
  • 详细信息显示
  • 放入我的书架
  • 预约/预借图书
  • 作者相关作品
  • 分类相关作品
  • 丛书相关作品
  • 出版社相关作品

书目信息

  • 表格格式
  • 工作单格式
  • 卡片格式
题名:
故事药丸
    
 
作者: 伯绍德 , 埃尔德金 著 ;李剑敏 译
分册:  
出版信息: 上海   上海人民出版社  2019.08
页数: 474页
开本: 21cm
丛书名:
单 册:
中图分类:
科图分类:
主题词: 儿童故事--文学评论--世界 , 文学--世界
电子资源:
ISBN: 978-7-208-15905-1
000 01087nam0 2200301 450
001 2354975703
005 20231122202040.81
010    @a978-7-208-15905-1@dCNY75.00
100    @a20190904d2019 cemy0chiy50 ea
101 1  @achi@ceng
102    @aCN@b310000
105    @aa z 000fy
106    @ar
200 1  @a故事药丸@f(英) 埃拉·伯绍德, 苏珊·埃尔德金著@d= The story cure@fElla Berthoud, Susan Elderkin@g李剑敏译@zeng
210    @a上海@c上海人民出版社@d2019.08
215    @a474页@c图@d21cm
300    @a快乐成长必备阅读指南
330    @a《故事药丸》是继《小说药丸》后, 两位作者为未成年人开出的文学疗愈书单。书中A—Z列出孩子在成长过程中可能会出现的种种症状, 从近视眼、青春痘到缺乏自信、初恋、沉迷电子设备等等, 涉及从心理到身体的方方面面。
500 10 @aStory cure@mChinese
606 0  @a儿童故事@x文学评论@y世界
606 0  @a文学@x世界
690    @a@v5
690    @aI106.8@v4
701  1 @a伯绍德@g(Berthoud, Ella)@4著
701  1 @a埃尔德金@g(Elderkin, Susan)@4著
702  0 @a李剑敏@4译
801  0 @aCN@b安徽时代出版发行有限公司@c20190904
905    @dI106.8@e329
    
    故事药丸/(英) 埃拉·伯绍德, 苏珊·埃尔德金著= The story cure/Ella Berthoud, Susan Elderkin/李剑敏译.-上海:上海人民出版社,2019.08
    474页:图;21cm
    快乐成长必备阅读指南
    
    ISBN 978-7-208-15905-1:CNY75.00
    《故事药丸》是继《小说药丸》后, 两位作者为未成年人开出的文学疗愈书单。书中A—Z列出孩子在成长过程中可能会出现的种种症状, 从近视眼、青春痘到缺乏自信、初恋、沉迷电子设备等等, 涉及从心理到身体的方方面面。
●
相关链接 在E读中查询图书 在五车中查询图书 在当当中查询图书 在豆瓣中查询图书


正题名:故事药丸     索取号:I106.8/329         预约/预借

序号 登录号 条形码 馆藏地/架位号 状态 备注
1 1410740   214107401   第一样本阅览室/ [索取号:I106.8/329] 在馆    
2 1410741   214107410   第二借阅区/ [索取号:I106.8/329] 在馆    
3 1410742   214107429   第二借阅区/ [索取号:I106.8/329] 在馆    
4 1410743   214107438   第二借阅区/ [索取号:I106.8/329] 在馆    
5 1410744   214107447   第二借阅区/ [索取号:I106.8/329] 在馆    
唐山师范学院图书馆 欢迎您!
大连网信软件有限公司© 版权所有